000 00577nam a22001937a 4500
005 20161129152338.0
010 _aENG-116698
020 _a9788184846133
_c880.00
035 _aEN-100230
037 _bDBAD/PUB
082 _a338
100 _aNair,Anita
245 _aTourism planning and development /
_cby Anita Nair
260 _aNew Delhi
_bRegal Publications
_c2017
270 _aF-159 Rajouri Garden
_bNew Delhi
_e110027
300 _avii,186p.
_c23cm(Hb)
500 _aIncludes bibliographical references and index
942 _2ddc
_cEN
_h338
_mNAI
999 _c104826
_d104826